000 00558cam7a220019300 4500
005 20190819100851.0
008 030918
035 _a(Sirsi) a145738
050 0 _aQR 355 HAN 1983.
245 1 0 _aHandbook of medical virology/
_cedited by Kaoru Hayashi.
250 _a2nd edition.
260 _aTokyo :
_bKindai Shuppan,
_c1983.
350 _a25
504 _aIncludes bibliographical references and index
650 0 _aMedical virology
650 0 _aMicrobiology
650 0 _aVirus diseases
700 0 0 _aHayashi,Kaoru.
999 _c101517
_d101517